Tibère

Wedi'i Gadw mewn:
Manylion Llyfryddiaeth
Prif Awdur: Tarver, J. C (Awdur)
Fformat: Llyfr
Iaith:Ffrangeg
Cyhoeddwyd: París Payot 1934
Cyfres:Bibliothêque Historique
Pynciau:
Tagiau: Ychwanegu Tag
Dim Tagiau, Byddwch y cyntaf i dagio'r cofnod hwn!

MARC

LEADER 00000nam a2200000 a 4500
001 UCP9321
003 CL-VaPUC
008 000324e19340000FR |||||||||||||||||fre|d
082 0 4 |a 937.06  |b TAR  |2 21 
100 0 |a Tarver, J. C  |e author  |9 439810 
245 1 0 |a Tibère 
300 |a 347 p 
942 |c BK 
945 |d 20000324 00:00:00  |a crobeson 
260 |a París  |b Payot  |c 1934 
600 0 |a Tiberio, Emperador de Roma  |9 387299 
650 0 |a Historia romana  |9 322973 
650 0 |a Imperio Romano  |9 322785 
650 0 |a Emperadores romanos  |9 314054 
583 |a last modification  |c 20000324 00:00:00  |k Rodrigo Vera 
490 0 |a Bibliothêque Historique 
999 |c 286147  |d 286145 
952 |0 0  |1 0  |4 0  |6 937_060000000000000_TAR_1934  |7 0  |8 X  |9 331608  |a BIBHIS  |b BIBHIS  |d 2019-11-20  |i 139746K  |o 937.06 TAR 1934  |p 139746K  |r 2024-01-30  |w 2019-11-20  |y BK_X  |k HIS